000 00393nam a2200133Ia 4500
008 151001s9999||||xx |||||||||||||| ||und||
100 _a कामतानाथ
245 _aसमुद्र तट पर खुलने वाली खिडकी
250 _a1
260 _bजनवाणी प्रकाशन
260 _c1998
300 _a87
365 _b21
999 _c980297
_d980294